000 00942nas a2200313 4500
001 BR0901285
003 BR-BrBNA
005 20231205113215.0
007 ta
008 230509b bl.|||p| |||| 00| 00por d
040 _aBR-BrBNA
_bpor
_cBiblioteca Nacional de Agricultura
041 _a(Pt)
072 _aQ02; J11
100 1 _aMoraes, P.L.D. de
100 1 _aLima, L.C. de O.
100 1 _aAlves, R.E.
100 1 _aDonizeti, J.
100 1 _aAlves, A. de P.
245 1 _aConservação pós-colheita de sapoti submetido a diferentes doses de 1-metilciclopropeno
650 _aSAPOTI
650 _aPÓS-COLHEITA
650 _aMATURAÇÃO
650 _aARMAZENAMENTO
650 _aTECNOLOGIA DE ALIMENTO
650 _aPRESERVAÇÃO DE ALIMENTO
773 0 _tRevista Ceres (Brazil)
_xISSN 0034-737X
_g(Nov-Dec 2007), v. 54(316) p. 517-525
_wBR0901285
909 _a202311
_bLúcia
_c55
_dLúcia Elande
942 _2AGRIS
_n0
_cANA
999 _c202461
_d202461